Subdivision capitals closest to Banja Luka (BA) - Statistics

General Stats
  • This quiz has been taken 28 times
  • The average score is 7 of 20
Answer Stats
Distance (km) Answer % Correct
13 141 Sarajevo
95%
16 150 Zagreb
90%
9 120 Tuzla
45%
6 104 Bihać
40%
4 85 Zenica
40%
11 128 Brčko
35%
7 106 Livno
35%
15 146 Osijek
35%
3 77 Slavonski Brod
35%
1 71 Travnik
35%
10 122 Orašje
30%
18 153 Split
30%
20 157 Vukovar
30%
17 151 Karlovac
25%
2 73 Požega
25%
5 102 Sisak
25%
8 119 Virovitica
25%
14 146 Gospić
20%
19 155 Šibenik
20%
12 128 Bjelovar
15%
No matching quizzes found
Score Distribution
Percent of People with Each Score
Percentile by Number Answered
Your Score History
You have not taken this quiz